Lekárenské nádoby

Bibliographic Details
Main Author: Antolíková, Mária (Author)
Format: Article
Language:Slovak
PhysicalDescription:Fotogr. 3, lit. 13 zázn. v češ., nem., slov.
Subjects:

MARC

LEADER 00000nab a2200000 a 4500
001 vtls000513427
003 SK-MaSNL
005 20260305010606.0
008 250425c1994 xo 0 slo
015 |a SNBRB19rr/mm-uuuuu 
035 |a CL0513565 
035 |a (urnnbn)urn:nbn:sk:snk:ar-0029s1 
035 |a (uuid)fdd66c9e-21f1-4614-b25f-664098f88102 
035 |a urn:nbn:sk:snk-ab7r5d 
040 |a SNKBUCL  |b slo  |c SNKBUCL  |e AACR2 
041 0 |a slo 
044 |a xo  |c SK 
080 |a 904"16/19":615.12"16/19":069.51  |2 1981 
080 |a 615.12"16/19"  |2 1981 
080 |a 069.6.02(437.6)  |2 1981 
100 1 |a Antolíková, Mária  |4 aut  |9 391941 
245 1 0 |a Lekárenské nádoby  |c Mária Antolíková 
300 |b Fotogr. 3, lit. 13 zázn. v češ., nem., slov. 
610 2 7 |a Múzeum mesta Bratislavy  |2 snkbucl  |9 177629 
650 0 7 |a lekárne  |2 snkbucl  |9 2516 
650 0 7 |a nádoby lekárenské  |2 snkbucl  |9 1586087 
655 7 |a články z novín a časopisov  |2 snkbucl  |9 267496 
773 0 |t Pamiatky a múzeá  |g Roč. 43, č. 2 (1994), s. 25-26 
850 |a Slovenská národná knižnica 
852 |a Slovenská národná knižnica 
954 |a odborná, vedecká literatúra pôvodná (slovenská)  |2 lita 
957 |a 5100 
958 |a article9 
958 |a NB 
958 |a RK 
958 |a MI 
958 |a OND 
958 |a EUIPO 
992 |a RBX 
999 |c 3247513  |d 3249443